000 00609nam a2200265Ia 4500
005 20260324153105.0
008 008 260324s9999 xx 000 0 eng d
020 _a9780857095008
037 _aEBOOK
040 _aCRL
040 _beng
040 _cCRL
041 _2eng
041 _aeng
084 _qCRL
100 _aFeldman, M
_91230558
245 0 _aNanolithography
260 _bElsevier
260 _c2014
650 _aMaterials Science
856 _uhttps://www.sciencedirect.com/science/book/9780857095008
942 _cEBOOK
999 _c1841745
_d1841745